| 000 | 00388nam a22001337a 4500 | ||
|---|---|---|---|
| 020 | _a0-07-028769-4 | ||
| 082 | _a621.3815324 HIL' | ||
| 100 |
_aHILBURN, JOHN L,JOHNSON, D. E _974611 |
||
| 245 | _aMANUAL OF ACTIVE FILTER DESIGN | ||
| 260 |
_aNEWYORK _bMCGRAW HILL _c1983 |
||
| 300 | _aXII, 225P | ||
| 650 |
_aELECTRONIC CIRCUIT DESIGN METHODS ELECTRIC FILTER ACTIVE _974612 |
||
| 942 | _cBK | ||
| 999 |
_c580124 _d580124 |
||